Expreso de medianoche = Midnight Express /

Un joven norteamericano es atrapado en Turquía cuando trata de introducir drogas de contrabando a ese país. Las autoridades deciden usarlo como ejemplo, por lo que lo sentencian a más de veinte años de prisión y es sometido a vejaciones, humillaciones, golpes y tortura psicológica. Su única opción e...

Ամբողջական նկարագրություն

Պահպանված է:
Մատենագիտական մանրամասներ
Հիմնական հեղինակ: Parker, Alan (realización)
Այլ հեղինակներ: Stone, Oliver (guión) (guión), Seresin, Michael (fotógrafo) (fotógrafo), Hambling, Gerry (montaje) (montaje), Moroder, Giorgio (música) (música), Davis, Brad (actuación) (actuación), Miracle, Irene (actuación) (actuación), Hopkins, Bo (actuación) (actuación)
Ձևաչափ: Սահիկ
Լեզու:անգլերեն
Հրապարակվել է: Nueva York?, EUA : Casablanca Filmworks, 1978
Հրատարակություն:Versión abreviada
Խորագրեր:
Ցուցիչներ: Ավելացրեք ցուցիչ
Չկան պիտակներ, Եղեք առաջինը, ով նշում է այս գրառումը!

MARC

LEADER 00000ngm^a2200000^a^4500
001 000001551
005 20250521000000.0
009 20260310083112.476
037 |a Acervo ITESO - Biblioteca 
041 |a ING 
082 |a 810.  |b PAR 
100 |a Parker, Alan  |e (realización) 
240 1 1 |a [Expreso de medianoche. Adaptaciones] 
240 1 1 |a [Expreso de medianoche] 
245 1 0 |a Expreso de medianoche =  |b Midnight Express /  |c Realización de A. Parker. 
250 |a Versión abreviada 
264 1 |a Nueva York?, EUA :  |b Casablanca Filmworks,  |c 1978 
264 2 |a México :  |b Videovisa [distribución],  |c 1994, c1994 
300 |a 1 videocasete VHS  |c (116 min.) 
336 |a imagen móvil bidimensional  |b tdi  |2 rdacontenido 
337 |a video  |b v  |2 rdamedio 
338 |a videocasete  |b vf  |2 rdasoporte 
500 |a Basado en: Expreso de medianoche, de Billy Hayes y William Hoffer 
520 |a Un joven norteamericano es atrapado en Turquía cuando trata de introducir drogas de contrabando a ese país. Las autoridades deciden usarlo como ejemplo, por lo que lo sentencian a más de veinte años de prisión y es sometido a vejaciones, humillaciones, golpes y tortura psicológica. Su única opción es escapar. Segundo largometraje dirigido por el cineasta inglés Alan Parker, basado en el libro autobiográfico escrito por Billy Hayes con la colaboración de William Hoffer. 
530 |a Existe una edición en formato audiovisual en DVD con el mismo título 
546 |a En francés, inglés, maltés y turco, con subtítulos en español 
586 |a Premio Oscar, de la Academia Norteamericana de Cine (51°: 1978): Mejor Película (finalista) 
586 |a Premio Oscar, de la Academia Norteamericana de Cine (51°: 1978): Mejor Dirección (finalista: Alan Parker) 
586 |a Premio BAFTA, de la Academia Británica de Cine y Televisión (32°: 1978): Mejor Película (finalista) 
586 |a Premio BAFTA, de la Academia Británica de Cine y Televisión (32°: 1978): Mejor Dirección (ganador: Alan Parker) 
649 |a XX 
650 |a Cineastas Ingleses 
650 |a Presos Norteamericanos -  |z Turquía -  |x Memorias -  |x Adaptaciones para Cine 
650 |a Cine Social y Político 
650 |a Dramas Cinematográficos 
650 |a Cine Independiente -  |z EUA 
650 |a Cine Norteamericano -  |y 1970-1979 
650 |a Cine Norteamericano -  |y Siglo XX 
650 |a Narcotráfico -  |z Turquía 
650 |a Cárceles y Centros de Readaptación Social -  |z Turquía -  |x Tema Principal 
650 |a Cárceles y Centros de Readaptación Social -  |z Turquía -  |x Historia -  |y 1966-1973 
650 |a Cárceles y Centros de Readaptación Social -  |z Turquía -  |x Historia -  |y 1973-1980 
650 |a Cárceles y Centros de Readaptación Social -  |z Turquía -  |x Historia -  |y República, 1923 en Adelante 
650 |a Cárceles y Centros de Readaptación Social -  |z Turquía -  |x Historia -  |y Siglo XX 
650 |a Hayes, Billy -  |x Tema Principal 
700 |a Stone, Oliver  |e (guión) 
700 |a Seresin, Michael  |e (fotógrafo) 
700 |a Hambling, Gerry  |e (montaje) 
700 |a Moroder, Giorgio  |e (música) 
700 |a Davis, Brad  |e (actuación) 
700 |a Miracle, Irene  |e (actuación) 
700 |a Hopkins, Bo  |e (actuación) 
910 |a Fondo General 
920 |a Audiovisuales - Videocasetes 
940 |a Películas 
905 |a 301 
901 |a 0500006983  |b IT2  |c VIS  |u 20250521 
902 |a https://opac.biblio.iteso.mx/vufind/Record/000001551